عرض عادي
عرض مارك
- الموهوبون
مدخل مصطلح موضوعي
001 - رقم الضبط
- حقل الضبط: 93172
003 - معرف رقم الضبط
- حقل الضبط: OSt
005 - تاريخ ووقت أخر عملية
- حقل الضبط: 20220703094326.0
008 - عناصر بيانات ثابتة الطول
- حقل تحكم ثابت الطول: 220703|| aca||aabn | a|a d
040 ## - مصدر الفهرسة
- هيئة الفهرسة الأصلية: OSt
- وكالة الكتابة: OSt
150 ## - مدخل-- مصطلح تاريخي
- عنصر مدخل المصطلح الموضوعي او الاسم الجغرافي: الموهوبون
670 ## - بيانات المصدر موجوده
- الاستشهاد بالمصدر: Work cat.: (OSt)80595: عبد المحسن، مصطفى 93164, البرامج النفسية والتربوية للموهوبين =, 2016
